000
00223nam a22000857a 4500
008
160908b xxu||||| |||| 00| 0 eng d
100
_9
337
_a
Sharma R.D
245
_a
Mathematics-XII
260
_a
New Delhi
_b
Dhanpat publication
_c
2012
999
_c
2997
_d
2997